Washington and Moscow: A tale of two summits. Separata /
محفوظ في:
| المؤلف الرئيسي: | |
|---|---|
| التنسيق: | نص |
| الوسوم: |
إضافة وسم
لا توجد وسوم, كن أول من يضع وسما على هذه التسجيلة!
|
MARC
| LEADER | 00000 a a2200000 04500 | ||
|---|---|---|---|
| 001 | 4651 | ||
| 003 | |||
| 040 | |||
| 100 | |a Caldwell, Lawrence | ||
| 245 | |a Washington and Moscow: |b A tale of two summits. Separata / |c Lawrence Caldwell | ||
| 500 | |a Fotocopia del artículo de la revista n. 531, no se tiene este número en colección | ||
| 773 | |g volumen 87, 531:; páginas 305-338 | ||
| 999 | |c 20475 |d 20475 | ||
